01301cam a22003377a 4500003000500000005001700005008004100022010001000063011001000073035001000083040000900093090001000102100003400112245016000146260004300306300001000349502010200359590003700461590004100498590004100539590004100580590004200621650003300663650003400696901000700730905002300737942001000760949004900770999001700819952012700836CHAP20220329142458.0010604d2000 mx r 00110 spa d a84058 a85030 a95557 cCHAP aTesis00aLópez Juan, Emerson.96800710aProducción de forrajes en tres frecuencias de corte de la leguminosa canavalia (Canavalia ensiformis), en Hueheután, Chiapasc/por Emerson López Juan aHuehuetán, Chis. :bEl autor,c2000. a77 h. aTesis (Ing. Agr. Tropical) -- Universidad Autónoma de Chiapas. Facultad de Ciencias Agrícolas aALEPHb10c20130110lUCH01h1442 aBATCH-UPDb10c20130110lUCH01h1858 aBATCH-UPDb10c20130410lUCH01h1226 aBATCH-UPDb10c20130914lUCH01h0832 aCONVERSIONb10c20130109lUCH01h134714aCanavalia ensiformes.91828714aForrajesxRendimiento.942593 aBK aLilia Sánchez G. cTESIS aTesisbBCcTESd955571eTS1h38074i95557sb c84058d84058 00102local4051708TESISaBCbBCcPA_TESISd2019-12-31fTESISl0oTesisp955571r2019-12-31 00:00:00w2019-12-31yTESIS